| 000 | 00852nam a22002177a 4500 | ||
|---|---|---|---|
| 005 | 20210921083220.0 | ||
| 008 | 210910s2014 ck a|||gr|||| 00| 0 spa d | ||
| 020 | _a9789587251432 | ||
| 040 |
_aCO-BoUCM _bspa _cDeissy Garcia _dDeissy Garcia |
||
| 041 | 0 | _aspa | |
| 100 | 1 |
_aTadeo Lozano, Jorge _9105844 |
|
| 245 | 1 | 0 |
_aEstudios científicos _cJorge Tadeo Lozano, Universidad de Bogotá Jorge Tadeo Lozano |
| 260 |
_aBogotá _bFundación Universidad de Bogotá Jorge Tadeo Lozano, _c2014 |
||
| 300 |
_a172 páginas _bilustraciones |
||
| 504 | _aIncluye referencias bibliográficas | ||
| 650 | 7 |
_aAnimales _zCundinamarca (Colombia) _9106334 |
|
| 650 | 7 |
_aSerpientes _zColombia _9106335 |
|
| 710 |
_aUniversidad de Bogotá Jorge Tadeo Lozano _958609 |
||
| 942 |
_2DEWEY _a25 _cLIBRO _e1 _h591.9861 _mT121e _n0 |
||
| 999 |
_c319704 _d319704 |
||